Statistics for 5 Southernmost Major Cities by Continent (with a map)

Click here to take the quiz!

General Stats

  • This quiz has been taken 98 times
  • The average score is 22 of 30

Answer Stats

Cities % Correct
Sydney
98%
Panama City
96%
Melbourne
96%
Auckland
95%
Athens
94%
Santiago
94%
Lisbon
93%
Buenos Aires
93%
Perth
93%
Cape Town
92%
Adelaide
91%
Seville
88%
Montevideo
86%
Johannesburg
84%
San Salvador
84%
San Jose
84%
Managua
81%
Valencia
80%
Durban
78%
Tegucigalpa
78%
Malaga
71%
Port Elizabeth
66%
Maputo
61%
Surabaya
55%
Denpasar
40%
Mendoza
35%
Concepcion
21%
Yogyakarta
13%
Surakarta
6%
Malang
6%

Score Distribution

Percentile by Number Answered

Percent of People with Each Score

Your Score History

You have not taken this quiz